| 000 | 00506nam a2200205 a 4500 | ||
|---|---|---|---|
| 999 |
_c9382 _d9382 |
||
| 001 | 9382 | ||
| 003 | BD-JhCC | ||
| 005 | 20180527100436.0 | ||
| 008 | 180313s1992 n |||| |||| 000 0 eng d | ||
| 035 | _a(BD-JhCC) | ||
| 040 |
_aBD-JhCC _dBD-JhCC |
||
| 041 | _aeng | ||
| 082 |
_a323.405 _bBUL 1992 |
||
| 245 |
_aBulletin of Human Rights / _cUnited Nations |
||
| 260 |
_aNew York: _c1992 _bUnited Nations |
||
| 300 |
_a123 p; _c22 cn |
||
| 650 | _aCivil Rights | ||
| 710 | _aUnited Nations | ||
| 942 |
_2ddc _cBK |
||